| 000 | 00583aam a2200229 4500 | ||
|---|---|---|---|
| 005 | 20251216102720.0 | ||
| 008 | 150731b1995 xxu||||| |||| 00| 0 spa d | ||
| 020 | _a9687157623 | ||
| 041 | _aESP | ||
| 082 | _a617.6 E77d | ||
| 100 |
_aEspinosa de la Sierra, Raúl _918060 |
||
| 245 | _aDiagnóstico práctico de oclusión | ||
| 260 | _aMéxico | ||
| 260 | _bEditorial Médica Panamericana | ||
| 260 | _c1995 | ||
| 300 | _a279 páginas | ||
| 300 | _bIlustraciones a color | ||
| 490 | _aMecánica Dental | ||
| 650 | _aODONTOLOGÍA | ||
| 650 | _aOCLUSIÓN | ||
| 942 |
_cBK _2ddc |
||
| 999 |
_c492 _d492 |
||